| 000 | 01423nam a22002297a 4500 | ||
|---|---|---|---|
| 003 | DO-SdBNP | ||
| 005 | 20220509090231.0 | ||
| 008 | 110301s2017 dr ac 000 0 spa d | ||
| 020 | _a9789945597226 | ||
| 040 |
_aDO-SdBNP _bspa _cBNPHU |
||
| 082 |
_axxxx _bxxx |
||
| 110 | 1 |
_aComisión Nacional Familia- vida _bConferencia del Episcopado Dominicano _981567 |
|
| 245 | 1 | 0 |
_aCamino hacia el matrimonio : _bcatequesis de preparación al sacramento del matrimonio / _cpresentación Valentín Reynoso |
| 260 |
_aSanto Domingo : _bComisión Nacional Familia-Vida, _bConferencia del episcopado dominicano, _c2017. |
||
| 300 |
_a126 p. : _bil., retr. _c28 cm. |
||
| 504 | _aBibliografía p: 127 | ||
| 505 | 0 |
_tPresentación -- _tCarta a los novios -- _tIntroducción -- _tApertura -- _tEl matrimonio no se improvisa -- _tConócete a ti mismo -- _t¿Quién eres tú para mí? -- _tCómo se construye una pareja -- _tLa comunicación: un estilo de vida -- _tValoración de la sexualidad -- _tSer padre y madre -- _tEl matrimonio: vocación y sacramento -- _tComunidad de bienes -- _tDejar padre y madre -- _tLa pareja en comunidad -- _tLa pareja en comunidad -- _tLey canónica y ley civil del matrimonio -- _tMétodos naturales de control de la fertilidad -- _tCelebración litúrgica del matrimonio -- _tApéndice / |
|
| 590 | _aInventariado, 2022/ YL | ||
| 700 | 1 | 2 |
_aReynoso, Valentín _epres. _981450 |
| 910 | _aYLockward | ||
| 942 |
_2ddc _cLBS1 |
||
| 999 |
_c51659 _d51659 |
||